近15年平均世界排名最高的30支男足国家队 - Statistics

General Stats
  • This quiz has been taken 21 times
  • The average score is 26 of 30
Answer Stats
大洲 男足国家队 平均排名 % Correct
1 南美洲 阿根廷 4.20
100%
2 南美洲 巴西 5.13
100%
3 欧洲 西班牙 5.53
100%
7 欧洲 法国 7.93
100%
8 欧洲 德国 8.07
100%
9 欧洲 荷兰 10.53
100%
13 南美洲 哥伦比亚 12.27
100%
17 北美洲 美国 21.47
100%
4 欧洲 葡萄牙 6.53
95%
6 欧洲 比利时 7.73
95%
10 欧洲 意大利 10.73
95%
11 南美洲 乌拉圭 11.20
95%
15 北美洲 墨西哥 16.53
95%
19 欧洲 瑞典 26.07
95%
30 欧洲 俄罗斯 34.60
95%
5 欧洲 英格兰 7.13
90%
25 亚洲 伊朗 32.60
90%
26 亚洲 日本 33.20
90%
12 欧洲 克罗地亚 11.87
86%
14 欧洲 瑞士 13.07
86%
16 欧洲 丹麦 21.00
81%
23 欧洲 奥地利 32.33
81%
24 南美洲 秘鲁 32.33
81%
18 南美洲 智利 22.07
76%
28 欧洲 塞尔维亚 34.13
76%
29 亚洲 土耳其 34.53
76%
21 欧洲 威尔士 30.93
71%
27 欧洲 波兰 33.20
67%
20 欧洲 乌克兰 29.40
62%
22 非洲 塞内加尔 31.93
52%
No matching quizzes found
Score Distribution
Percent of People with Each Score
Percentile by Number Answered
Your Score History
You have not taken this quiz